Top 100 NCAA Basketball Rebounders 2021 - Statistics

General Stats
  • This quiz has been taken 10 times
  • The average score is 22 of 100
Answer Stats
# Player RPG Team % Correct
61 KJ Williams 8.5 Murray State
63%
T37 Trevion Williams 9.0 Purdue
63%
76 Zay Williams 8.2 Troy
63%
26 Kofi Cockburn 9.6 Illinois
50%
44 Luka Garza 8.8 Iowa
50%
43 Malachi Smith 8.8 Chattanooga
50%
51 Myles Johnson 8.7 Rutgers
50%
56 Tolu Smith 8.6 Mississippi State
50%
T37 Trayce Jackson-Davis 9.0 Indiana
50%
90 Armando Bacot 8.0 North Carolina
38%
6 Charles Bassey 11.5 Western Kentucky
38%
54 Evan Mobley 8.6 USC
38%
1 Fardaws Aimaq 15.0 Utah Valley
38%
11 Hayden Brown 10.5 The Citadel
38%
T69 Jalen Wilson 8.2 Kansas
38%
T37 Johni Broome 9.0 Morehead State
38%
8 Justin Champagnie 11.1 Pittsburgh
38%
28 Kevin Obanor 9.5 Oral Roberts
38%
T83 Moses Wright 8.0 Georgia Tech
38%
T78 Samuell Williamson 8.1 Louisville
38%
15 Santi Aldama 10.1 Loyola (MD)
38%
86 Ahsan Asadullah 8.0 Lipscomb
25%
T74 Anthony Tarke 8.2 Coppin State
25%
31 Baylor Scheierman 9.2 South Dakota State
25%
62 Cameron Holden 8.3 UT Martin
25%
27 David Roddy 9.5 Colorado State
25%
24 Derek Culver 9.8 West Virginia
25%
71 Dou Gueye 8.2 Louisiana
25%
5 Dylan Painter 11.5 Delaware
25%
T74 Eli Scott 8.2 Loyola Marymount
25%
33 Enrique Freeman 9.2 Akron
25%
12 Eral Penn 10.4 LIU
25%
53 Essam Mostafa 8.6 Coastal Carolina
25%
36 Gaige Prim 9.1 Missouri State
25%
17 Isaac Kante 10.1 Hofstra
25%
T99 Jake Stephens 7.8 VMI
25%
60 Jayden Martinez 8.5 New Hampshire
25%
2 Jayveous McKinnis 13.2 Jackson State
25%
63 Jeremiah Robinson-Earl 8.3 Villanova
25%
32 Joel Soriano 9.2 Fordham
25%
T46 John Harrar 8.8 Penn State
25%
T78 Jordan Minor 8.1 Merrimack
25%
10 Josh Mballa 10.9 Buffalo
25%
T72 Josip Vrankic 8.2 Santa Clara
25%
T92 Keve Aluma 8.0 Virginia Tech
25%
23 KeyShawn Feazell 9.9 McNeese
25%
18 Loudon Love 10.1 Wright State
25%
58 Matt Pile 8.5 Omaha
25%
19 Neemias Queta 10.0 Utah State
25%
3 Norchad Omier 12.3 Arkansas State
25%
34 Orlando Robinson 9.2 Fresno State
25%
29 Osun Osunniyi 9.5 St. Bonaventure
25%
T83 Qudus Wahab 8.0 Georgetown
25%
55 Stephane Ingo 8.6 Maine
25%
77 Tanner Groves 8.1 Eastern Washington
25%
7 Terry Taylor 11.1 Austin Peay
25%
30 Theo Akwuba 9.3 Louisiana
25%
T78 Ty Flowers 8.1 LIU
25%
57 Warith Alatishe 8.5 Oregon State
25%
41 Zach Freemantle 8.9 Xavier
25%
22 Asbjorn Midtgaard 9.9 Grand Canyon
13%
T48 Austin Butler 8.8 Holy Cross
13%
50 Brandon Horvath 8.7 UMBC
13%
96 Daeqwon Plowden 7.9 Bowling Green
13%
66 Elijah Childs 8.3 Bradley
13%
4 Elyjah Goss 11.6 IUPUI
13%
67 Emanuel Miller 8.2 Texas A&M
13%
T87 Grayson Murphy 8.0 Belmont
13%
T92 Hall Elisias 8.0 Bryant
13%
35 James Butler 9.2 Drexel
13%
64 Jayden Gardner 8.3 East Carolina
13%
T69 Joe Pridgen 8.2 UNC Wilmington
13%
13 Jordan Goodwin 10.3 Saint Louis
13%
T99 Josh Hall 7.8 CSU Fullerton
13%
T37 Justin Gorham 9.0 Houston
13%
98 Kevin Samuel 7.8 TCU
13%
59 Kim Aiken Jr. 8.5 Eastern Washington
13%
T81 Kur Jockuch 8.0 Northern Colorado
13%
T87 Malik Miller 8.0 Morgan State
13%
25 Manny Camper 9.7 Siena
13%
T48 Max Fiedler 8.8 Rice
13%
T72 Naz Bohannon 8.2 Youngstown State
13%
T46 Quincy Guerrier 8.8 Syracuse
13%
9 Ruot Monyyong 11.0 Little Rock
13%
68 Sukhmail Mathon 8.2 Boston University
13%
20 Adrian Nelson 10.0 Northern Kentucky
0%
42 Cantavio Dutreil 8.9 Sacred Heart
0%
45 Daniel Oladapo 8.8 Oakland
0%
52 Danny Pippen 8.7 Kent State
0%
16 Eliel Nsoseme 10.1 Georgia State
0%
21 Emanuel Littles 9.9 North Alabama
0%
91 Emeka Udenyi 8.0 Seattle U
0%
95 Feron Hunt 7.9 SMU
0%
14 Gorjok Gak 10.3 California Baptist
0%
T87 Jordy Tshimanga 8.0 Dayton
0%
T81 Malik Jefferson 8.0 Mount St. Mary's
0%
65 Michael Akuchie 8.3 Youngstown State
0%
97 Michael Durr 7.9 South Florida
0%
94 Michael Hughes 7.9 Duquesne
0%
85 Torrey Patton 8.0 Cleveland State
0%
No matching quizzes found
Score Distribution
Percent of People with Each Score
Percentile by Number Answered
Your Score History
You have not taken this quiz